000 00874cam a2200205 4500
001 WB3937-07
008 031001n2003 000 0 eng u
035 _a(Sirsi) u123803
245 _aBrownfield sites 2002 statistics
260 _c2003
490 _aODPM News Release
_v(2003/0201) 29 September 2003 (5)
520 _aThe National Land Use Database of Previously-Developed Land for 2002 showed little change since 2001, as a continuous flow of new previously-developed land compensated for brownfield land that had been developed. More information is available from http://www.odpm.gov.uk. http://www.odpm.gov.uk/pns/DisplayPN.cgi?pn_id=2003_0201
590 _aWB
650 _aBROWNFIELD SITES
650 _aPREVIOUSLY DEVELOPED LAND
650 _aNATIONAL LAND USE DATABASE
650 _aSTATISTICS
690 _aPROPERTY-PROPERTY DEVELOPMENT
942 _n0
999 _c73522
_d73522